00382nam a2200157Ia 4500003000400000005001700004008004100021040000700062041000800069082001600077100001800093245004500111260004500156300000900201650001400210OSt20250926115330.0250729s2005 xx 000 0 und d cAL aeng a371.26 GEOE aGeorge Dravid aExamination and evaluvation in education aNew DelhibCommonwealth Publishersc2005 a292p aEducation